00904cam a22003011 4500001001300000003000400013005001700017008004100034010001700075025001900092035002000111040002300131041001100154042001200165050001500177082000800192100003100200245006100231260007400292300002600366500004400392500002500436504003300461650004000494650002500534710002600559999001700585sa 67007892 DLC20260227112419.0871217s1966 ii b s000 0 eng  asa 67007892  aPL480:I-E-8608 a(OCoLC)17252818 aDLCcWaUdWaUdDLC0 aengsan apremarc00aP106b.M36 a4011 aMarulasiddaiah, G.,d1921-10aŚabdavṛttis, powers of words,cby G. Marulasiddaiah. aMysore,bPrinted by the Superintendent, Govt. Text Book Press,c1966. axxxvi, 180 p.c24 cm. aAt head of title: University of Mysore. aEnglish or Sanskrit. aBibliography: p. xxix-xxxii. 0aLanguage and languagesxPhilosophy. 0aMeaning (Psychology)2 aUniversity of Mysore. c76840d76840